Central Library OPAC University of Rajshahi

The finger print system at Scotland Yard : (Record no. 7028)

MARC details
000 -LEADER
fixed length control field 00858nam a22002411 4500
001 - CONTROL NUMBER
control field 7028
003 - CONTROL NUMBER IDENTIFIER
rucl marc code BD-RjUL
005 - DATE AND TIME OF LATEST TRANSACTION
control field 20211208234345.0
008 - FIXED-LENGTH DATA ELEMENTS--GENERAL INFORMATION
fixed length control field 140113s1954 enka 001 0 eng d
035 ## - SYSTEM CONTROL NUMBER
System control number (BD-RjUL)7070
040 ## - CATALOGING SOURCE
Original cataloging agency DLC
Language of cataloging eng
Transcribing agency FO
Modifying agency DLC
-- BD-RjUL
041 ## - LANGUAGE CODE
Language code of text/sound track or separate title eng
082 00 - DEWEY DECIMAL CLASSIFICATION NUMBER
Classification number 363.258
Author mark and year CHF 1954
100 1# - MAIN ENTRY--PERSONAL NAME
Personal name Cherrill, Frederick R.
9 (RLIN) 22015
245 14 - TITLE STATEMENT
Title The finger print system at Scotland Yard :
Remainder of title a practical treatise on finger print identification for the use of students and experts and a guide for investigators when dealing with imprints left at the scenes of crime. /
Statement of responsibility, etc. Foreword by Sir John Nott-Bower.
260 ## - PUBLICATION, DISTRIBUTION, ETC. (IMPRINT)
Place of publication, distribution, etc. London :
Name of publisher, distributor, etc. H.M. Stationery Off.,
Date of publication, distribution, etc. 1954.
300 ## - PHYSICAL DESCRIPTION
Pagination 173 p. :
Illustrations illus.
Size 28 cm.
504 ## - BIBLIOGRAPHY, ETC. NOTE
Bibliography, etc Includes index.
650 #0 - SUBJECT ADDED ENTRY--TOPICAL TERM
Topical term or geographic name as entry element Fingerprints.
9 (RLIN) 22016
942 ## - ADDED ENTRY ELEMENTS (KOHA)
Source of classification or shelving scheme Dewey Decimal Classification
Koha item type Books
Holdings
Lost status Source of classification or shelving scheme Damaged status Not for loan Collection code Permanent Location Current Location Shelving location Date acquired Source of acquisition Cost, normal purchase price Total Checkouts Full call number Date last seen Copy number Koha item type
  Dewey Decimal Classification   Not For Loan Non-fiction Central Library, University of Rajshahi Central Library, University of Rajshahi   06/01/1968 Zeithlinger. 21.00   363.258 CHF 1954 13/01/2014 C-1 Books